| 000 | 01214nam a2200289Ia 4500 | ||
|---|---|---|---|
| 003 | OSt | ||
| 005 | 20221005112022.0 | ||
| 006 | a|||||r|||| 00| 0 | ||
| 007 | ta | ||
| 008 | 221004b |||||||| |||| 00| 0 hin d | ||
| 020 |
_a9789385789779 (hbk) _cINR 650.00 |
||
| 024 | _a34399 | ||
| 037 |
_b126, 12/09/2017, Eastern Book Linkers _cTextual |
||
| 040 |
_aCRL _cCRL _bhin |
||
| 041 |
_2hin _ahin |
||
| 082 | _aR65,6(Delta25), 152Q6 | ||
| 100 | _aपाण्डेय, राजीव रंजन, ले. | ||
| 245 | 0 | _aआधुनिक समाज में भक्तियोगः भगवद्गीता के सन्दर्भ में | |
| 246 | _aĀdhunik samāj mean bhaktiyogah bhagavadgītā ke sandarbha mean | ||
| 260 |
_aवाराणसी _bमनीष प्रकाशन भारत _c2016 |
||
| 300 |
_a208पृ0 _ccm. |
||
| 650 | _a भगवत् गीता | ||
| 650 | _a भारतीय दर्शन | ||
| 650 | _aभक्तियोग | ||
| 942 |
_hR65,6(Delta25), 152Q6 _cTEXL _2cc |
||
| 999 |
_c1023578 _d1023578 |
||